[Event "36. Copenhagen Open (Politiken Cup)"]
[Site "Elsinore"]
[Date "2014.07.29"]
[Round "10"]
[White "Houska, Jovanka"]
[Black "Le Roux, Jean Pierre"]
[Result "0-1"]
[WhiteElo "2409"]
[BlackElo "2560"]
[PlyCount "108"]
[EventDate "2014.07.21"]
[EventType "swiss"]
[EventRounds "10"]
[EventCountry "DEN"]
[Source "ChessBase"]
[SourceDate "2014.08.29"]

1. d4 Nf6 2. Nf3 g6 3. c4 Bg7 4. g3 b6 5. Bg2 Bb7 6. O-O Na6 7. b3 O-O 8. Bb2
e6 9. Nc3 d5 10. cxd5 exd5 11. Ne5 Re8 12. Rc1 c5 13. e3 Nc7 14. f4 Rc8 15. g4
cxd4 16. exd4 Ne4 17. f5 f6 18. Nxe4 dxe4 19. g5 fxe5 20. f6 Bd5 21. fxg7 Qxg5
22. h4 Qg3 23. dxe5 e3 24. Rc2 Rcd8 25. Qe1 Qxe1 26. Rxe1 Ne6 27. Rxe3 Bxg2 28.
Kxg2 Nxg7 29. Re4 Rd3 30. Ba3 Ne6 31. Bd6 Nd4 32. Rf2 Nf5 33. Ra4 a5 34. Bc7
Re6 35. Kh2 h5 36. Rc4 Ne3 37. Bd6 Nxc4 38. bxc4 Rd4 39. Kh3 Rxc4 40. Rf8+ Kg7
41. Rb8 Rc3+ 42. Kg2 g5 43. hxg5 Kg6 44. Rxb6 Kxg5 45. Ra6 Rc2+ 46. Kf3 Rxa2
47. Ra8 Ra4 48. Bc7 Rf4+ 49. Ke3 Rc4 50. Bd8+ Kg4 51. Rxa5 h4 52. Kf2 h3 53.
Rb5 h2 54. Rb1 Rc2+ 0-1

[Event "36. Copenhagen Open (Politiken Cup)"]
[Site "Elsinore"]
[Date "2014.07.29"]
[Round "10"]
[White "Huse, Sigurd Kjelsbol"]
[Black "Nielsen, Jens Holm"]
[Result "1/2-1/2"]
[WhiteElo "1675"]
[BlackElo "1802"]
[PlyCount "144"]
[EventDate "2014.07.21"]
[EventType "swiss"]
[EventRounds "10"]
[EventCountry "DEN"]
[Source "ChessBase"]
[SourceDate "2014.08.29"]

1. e4 Nc6 2. Nf3 d6 3. d4 Bg4 4. Bb5 a6 5. Ba4 b5 6. Bb3 e6 7. c3 Na5 8. Bc2
Be7 9. h3 Bxf3 10. Qxf3 Rc8 11. O-O Nf6 12. e5 Nd5 13. Qg3 dxe5 14. dxe5 g6 15.
Rd1 c6 16. Be4 Qc7 17. Bxd5 cxd5 18. Nd2 O-O 19. Nf3 Qd8 20. Ng5 Kg7 21. h4 h6
22. Nf3 h5 23. Qf4 Rh8 24. Qg3 Rc4 25. Rd4 Nc6 26. Rxc4 bxc4 27. Ng5 Qd7 28.
Qf4 Bxg5 29. Qxg5 Qd8 30. Qg3 Qb8 31. f4 Rc8 32. Qg5 Qb6+ 33. Kh2 Qd8 34. Be3
Qxg5 35. hxg5 Ne7 36. Rb1 Nf5 37. Bd4 Nxd4 38. cxd4 Rb8 39. b3 Rb4 40. Kg3 a5
41. Rd1 cxb3 42. axb3 Rxb3+ 43. Kf2 a4 44. Ra1 a3 45. Ke2 Rg3 46. Kf1 Rd3 47.
g3 h4 48. gxh4 Rf3+ 49. Kg2 Rxf4 50. Rxa3 Rxd4 51. Kg3 Re4 52. Rd3 Rxe5 53. Rd4
Rf5 54. Kg4 f6 55. Ra4 fxg5 56. hxg5 e5 57. Ra7+ Rf7 58. Ra6 Re7 59. Ra2 d4 60.
Kf3 e4+ 61. Ke2 d3+ 62. Ke3 Re5 63. Rd2 Kf8 64. Ra2 Rxg5 65. Kxe4 Kg7 66. Kxd3
Rf5 67. Ke4 Rf1 68. Ra8 Kh6 69. Rh8+ Kg5 70. Rg8 Kh5 71. Ke3 g5 72. Ke2 Rf6
1/2-1/2

[Event "36. Copenhagen Open (Politiken Cup)"]
[Site "Elsinore"]
[Date "2014.07.29"]
[Round "10"]
[White "Hviid, Hans Henrik"]
[Black "Egholm, Leif"]
[Result "0-1"]
[WhiteElo "1540"]
[BlackElo "1718"]
[PlyCount "72"]
[EventDate "2014.07.21"]
[EventType "swiss"]
[EventRounds "10"]
[EventCountry "DEN"]
[Source "ChessBase"]
[SourceDate "2014.08.29"]

1. d4 Nf6 2. g3 d5 3. e3 Bf5 4. Nc3 e6 5. Bg2 Nbd7 6. Nge2 a6 7. O-O c5 8. f3
h6 9. Nf4 cxd4 10. Qxd4 Bxc2 11. e4 Bc5 12. Be3 Bxd4 13. Bxd4 e5 14. Bf2 d4 15.
Ncd5 exf4 16. Bxd4 fxg3 17. hxg3 O-O 18. Nb4 Ba4 19. e5 Nxe5 20. Bxe5 Qb6+ 21.
Kh2 Qxb4 22. a3 Qd2 23. Bc3 Qd5 24. Rac1 Bc6 25. Rcd1 Qh5+ 26. Kg1 Rfe8 27. Rd4
Qc5 28. Kh2 Nd5 29. Rd3 Ne3 30. Bd4 Nxf1+ 31. Bxf1 Qc2+ 32. Kh3 Bb5 33. Rc3
Bxf1+ 34. Kh4 Qh2+ 35. Kg4 Qh3+ 36. Kf4 g5# 0-1

[Event "36. Copenhagen Open (Politiken Cup)"]
[Site "Elsinore"]
[Date "2014.07.29"]
[Round "10"]
[White "Jacobsen, Fredrik Beer"]
[Black "Andersen, Dag"]
[Result "1-0"]
[WhiteElo "2012"]
[BlackElo "1862"]
[PlyCount "45"]
[EventDate "2014.07.21"]
[EventType "swiss"]
[EventRounds "10"]
[EventCountry "DEN"]
[Source "ChessBase"]
[SourceDate "2014.08.29"]

1. e4 e5 2. Nf3 Nc6 3. d4 exd4 4. Bc4 Nf6 5. e5 d5 6. Bb5 Ne4 7. Nxd4 Bd7 8.
Bxc6 bxc6 9. O-O c5 10. Nb3 c6 11. c3 Be7 12. Be3 c4 13. Nd4 Nc5 14. f4 O-O 15.
f5 Bg5 16. Qe2 Re8 17. Nxc6 Bxe3+ 18. Qxe3 Qb6 19. Nb4 a5 20. Nxd5 Qxb2 21. Nd2
Nd3 22. Nxc4 Qc2 23. Na3 1-0

[Event "36. Copenhagen Open (Politiken Cup)"]
[Site "Elsinore"]
[Date "2014.07.29"]
[Round "10"]
[White "Jacobsen, Mikkel Manosri"]
[Black "Christensen, Thomas2"]
[Result "0-1"]
[WhiteElo "2030"]
[BlackElo "2139"]
[PlyCount "62"]
[EventDate "2014.07.21"]
[EventType "swiss"]
[EventRounds "10"]
[EventCountry "DEN"]
[Source "ChessBase"]
[SourceDate "2014.08.29"]

1. d4 Nf6 2. Bf4 c5 3. e3 cxd4 4. exd4 d5 5. Bd3 Bg4 6. Nf3 Nc6 7. c3 e6 8. Qb3
Qb6 9. Nbd2 Rc8 10. Ne5 Bh5 11. Nxc6 bxc6 12. Qxb6 axb6 13. Ba6 Rd8 14. Bc7 Ra8
15. Bb7 Kd7 16. Bxa8 Kxc7 17. b4 Bd6 18. Bxc6 Kxc6 19. f3 Ra8 20. a4 Bg6 21.
Ra2 Bd3 22. Kf2 g5 23. h4 g4 24. Ke3 Bc4 25. Raa1 Rg8 26. Nxc4 dxc4 27. b5+ Kb7
28. a5 Nd5+ 29. Kd2 bxa5 30. Rxa5 gxf3 31. gxf3 Rg2+ 0-1

[Event "36. Copenhagen Open (Politiken Cup)"]
[Site "Elsinore"]
[Date "2014.07.29"]
[Round "10"]
[White "Jensen, Ib"]
[Black "Bratveit, Kristoffer"]
[Result "1-0"]
[WhiteElo "1982"]
[BlackElo "1724"]
[PlyCount "89"]
[EventDate "2014.07.21"]
[EventType "swiss"]
[EventRounds "10"]
[EventCountry "DEN"]
[Source "ChessBase"]
[SourceDate "2014.08.29"]

1. d4 f5 2. e4 fxe4 3. Nc3 Nf6 4. Bg5 d5 5. Bxf6 exf6 6. Qh5+ g6 7. Qxd5 Qe7 8.
Qxe4 Qxe4+ 9. Nxe4 f5 10. Nf6+ Kf7 11. Nd5 Bd6 12. O-O-O Be6 13. Nc3 c6 14. Nf3
Bf4+ 15. Kb1 Rd8 16. g3 Bh6 17. Ne5+ Ke7 18. Bg2 Nd7 19. f4 Nxe5 20. dxe5 Rxd1+
21. Rxd1 Rd8 22. Rxd8 Kxd8 23. Ne2 Bf8 24. Nd4 Kd7 25. c3 Bc5 26. b4 Bb6 27. a4
Bc4 28. a5 Bc7 29. Kc2 Kc8 30. Bf3 c5 31. bxc5 Bxa5 32. g4 fxg4 33. Bxg4+ Kd8
34. Be6 Bxe6 35. Nxe6+ Ke7 36. Nd4 Bc7 37. Nb5 Bb8 38. Nd6 b6 39. cxb6 axb6 40.
Nc8+ Ke6 41. Nxb6 Bxe5 42. fxe5 Kxe5 43. Kd3 h5 44. Nc4+ Kd5 45. Ne3+ 1-0

[Event "36. Copenhagen Open (Politiken Cup)"]
[Site "Elsinore"]
[Date "2014.07.29"]
[Round "10"]
[White "Jensen, Soren Holm"]
[Black "Hvenekilde, Jorgen"]
[Result "1/2-1/2"]
[WhiteElo "1975"]
[BlackElo "2122"]
[PlyCount "64"]
[EventDate "2014.07.21"]
[EventType "swiss"]
[EventRounds "10"]
[EventCountry "DEN"]
[Source "ChessBase"]
[SourceDate "2014.08.29"]

1. e4 d6 2. d4 g6 3. Nc3 Bg7 4. f4 a6 5. Nf3 e6 6. Be3 Ne7 7. Qd2 Nd7 8. Bd3 h6
9. O-O f5 10. Rae1 b5 11. a3 Nb6 12. Bf2 O-O 13. Bh4 Rf7 14. exf5 gxf5 15. Qf2
Qf8 16. Re2 Ng6 17. Bg3 Bd7 18. Rfe1 Re8 19. Nh4 Ne7 20. Nd1 Bf6 21. c3 Qg7 22.
Ne3 Kh8 23. d5 Bxh4 24. Bxh4 Nbxd5 25. Nxd5 Nxd5 26. Bc2 c5 27. Bb3 c4 28. Bc2
Qg4 29. Bg3 Rg7 30. Bd1 Qg6 31. Rd2 Bc6 32. Bf3 Kh7 1/2-1/2

[Event "36. Copenhagen Open (Politiken Cup)"]
[Site "Elsinore"]
[Date "2014.07.29"]
[Round "10"]
[White "Jorgensen, Alexander Torp"]
[Black "Quiroga, Walter Gonzalo"]
[Result "1-0"]
[WhiteElo "1762"]
[BlackElo "1553"]
[PlyCount "47"]
[EventDate "2014.07.21"]
[EventType "swiss"]
[EventRounds "10"]
[EventCountry "DEN"]
[Source "ChessBase"]
[SourceDate "2014.08.29"]

1. e4 c5 2. c4 Nc6 3. Nc3 g6 4. g3 Bg7 5. Bg2 d6 6. Nge2 Nf6 7. d4 cxd4 8. Nxd4
Nxe4 9. Nxc6 Nxc3 10. bxc3 bxc6 11. Bxc6+ Bd7 12. Bxd7+ Qxd7 13. O-O Bxc3 14.
Qf3 Bxa1 15. Qxa8+ Qd8 16. Qxa7 Qd7 17. Qb8+ Qd8 18. Qb5+ Qd7 19. Be3 Bf6 20.
a4 e6 21. a5 Bd8 22. a6 Ke7 23. a7 Bc7 24. Bg5+ 1-0

[Event "36. Copenhagen Open (Politiken Cup)"]
[Site "Elsinore"]
[Date "2014.07.29"]
[Round "10"]
[White "Karlsson, Ulf"]
[Black "Lofgren, Claes"]
[Result "1/2-1/2"]
[WhiteElo "1994"]
[BlackElo "2109"]
[PlyCount "31"]
[EventDate "2014.07.21"]
[EventType "swiss"]
[EventRounds "10"]
[EventCountry "DEN"]
[Source "ChessBase"]
[SourceDate "2014.08.29"]

1. e4 c5 2. Nc3 a6 3. g3 Nc6 4. Bg2 g6 5. d3 Bg7 6. Be3 d6 7. Qd2 e6 8. Nge2
Nd4 9. Nd1 Rb8 10. c3 Nxe2 11. Qxe2 Ne7 12. Qd2 Nc6 13. Bh6 O-O 14. Bxg7 Kxg7
15. O-O Bd7 16. Ne3 1/2-1/2

[Event "36. Copenhagen Open (Politiken Cup)"]
[Site "Elsinore"]
[Date "2014.07.29"]
[Round "10"]
[White "Keen, Cosima C"]
[Black "Andersen, Guttorm"]
[Result "1-0"]
[WhiteElo "1729"]
[BlackElo "1845"]
[PlyCount "83"]
[EventDate "2014.07.21"]
[EventType "swiss"]
[EventRounds "10"]
[EventCountry "DEN"]
[Source "ChessBase"]
[SourceDate "2014.08.29"]

1. e4 e5 2. f4 d6 3. Nc3 Nc6 4. Bc4 Be6 5. Bxe6 fxe6 6. fxe5 Nxe5 7. d4 Nc6 8.
Nf3 Qd7 9. O-O O-O-O 10. Ng5 Nh6 11. d5 exd5 12. exd5 Ne5 13. Ne6 Re8 14. Ne4
Nhf7 15. Rf2 h6 16. Qf1 Rxe6 17. dxe6 Qxe6 18. c4 d5 19. cxd5 Qxd5 20. Nc3 Qe6
21. Kh1 Be7 22. Bf4 Bf6 23. Ne4 Be7 24. Nc3 h5 25. Re2 Bf6 26. Rc1 g5 27. Bxe5
Nxe5 28. Ne4 Be7 29. Nc5 Qf6 30. Rf2 Qg6 31. Rf5 Ng4 32. Qf3 Qb6 33. h3 Nh6 34.
Re5 Bd6 35. Re6 Qxb2 36. Nd3 Qd4 37. Re4 Qb6 38. Qf6 Rf8 39. Qxh6 Qb5 40. Qe6+
Kd8 41. Ne5 Bxe5 42. Qxe5 1-0

[Event "36. Copenhagen Open (Politiken Cup)"]
[Site "Elsinore"]
[Date "2014.07.29"]
[Round "10"]
[White "Kistrup, Nicolai"]
[Black "Degerfeldt, Sven"]
[Result "1/2-1/2"]
[WhiteElo "1786"]
[BlackElo "1920"]
[PlyCount "56"]
[EventDate "2014.07.21"]
[EventType "swiss"]
[EventRounds "10"]
[EventCountry "DEN"]
[Source "ChessBase"]
[SourceDate "2014.08.29"]

1. d4 d5 2. Nf3 c5 3. dxc5 Nc6 4. e3 e6 5. c4 Nf6 6. Nc3 Bxc5 7. cxd5 exd5 8.
Be2 O-O 9. O-O a6 10. Nd4 Nxd4 11. exd4 Be7 12. Bf3 b5 13. Bg5 Be6 14. Qb3 b4
15. Ne2 a5 16. Nf4 a4 17. Qe3 Ra6 18. Rfe1 h6 19. Bxf6 Bxf6 20. Qd3 Rb6 21.
Nxe6 Rxe6 22. Rxe6 fxe6 23. Rc1 Qb6 24. Rc5 b3 25. a3 Be7 26. Rc1 Bf6 27. Rc5
Be7 28. Rc1 Bf6 1/2-1/2

[Event "36. Copenhagen Open (Politiken Cup)"]
[Site "Elsinore"]
[Date "2014.07.29"]
[Round "10"]
[White "Koepke, Christian"]
[Black "Tleptsok, Ruslan"]
[Result "1/2-1/2"]
[WhiteElo "2322"]
[BlackElo "2212"]
[PlyCount "87"]
[EventDate "2014.07.21"]
[EventType "swiss"]
[EventRounds "10"]
[EventCountry "DEN"]
[Source "ChessBase"]
[SourceDate "2014.08.29"]

1. e4 d5 2. exd5 Nf6 3. c4 e6 4. dxe6 Bxe6 5. Nf3 Qe7 6. Qe2 Nc6 7. d4 Bg4 8.
Be3 O-O-O 9. d5 Qb4+ 10. Nc3 Ne5 11. O-O-O Qa5 12. h3 Bxf3 13. gxf3 Bb4 14. Bd4
Ng6 15. a3 Bc5 16. Bxc5 Qxc5 17. Ne4 Qe7 18. Qe3 Kb8 19. Bd3 Rhe8 20. Qd4 Ne5
21. Nxf6 Qxf6 22. Be2 Qh6+ 23. Kb1 Ng6 24. Qd2 Qxd2 25. Rxd2 Nf4 26. Bd3 c6 27.
Be4 Re5 28. Rhd1 f5 29. Bc2 cxd5 30. cxd5 Rdxd5 31. Rxd5 Nxd5 32. Bb3 Nf6 33.
Rd8+ Kc7 34. Rf8 Re7 35. Bc2 f4 36. Kc1 Kd6 37. Kd2 Ke5 38. h4 h6 39. Ra8 b6
40. Rf8 Rd7+ 41. Ke2 Rc7 42. Kd2 Rd7+ 43. Ke2 Rc7 44. Kd2 1/2-1/2

[Event "36. Copenhagen Open (Politiken Cup)"]
[Site "Elsinore"]
[Date "2014.07.29"]
[Round "10"]
[White "Koetz, Andreas"]
[Black "Jarlnaes, Erik"]
[Result "1/2-1/2"]
[WhiteElo "2031"]
[BlackElo "1892"]
[PlyCount "61"]
[EventDate "2014.07.21"]
[EventType "swiss"]
[EventRounds "10"]
[EventCountry "DEN"]
[Source "ChessBase"]
[SourceDate "2014.08.29"]

1. d4 e6 2. Nf3 d5 3. c4 c5 4. g3 Nc6 5. cxd5 exd5 6. Nc3 cxd4 7. Nxd4 Bb4 8.
Bg2 Nge7 9. O-O O-O 10. Be3 Bxc3 11. bxc3 Nxd4 12. Bxd4 Qc7 13. Qb3 Be6 14. Qa3
Nf5 15. Rfc1 Rfc8 16. e3 Nxd4 17. cxd4 Qd8 18. Bf1 a6 19. Rab1 Qd7 20. Qb4 Rxc1
21. Rxc1 Rc8 22. Rc5 g6 23. a4 Rc6 24. a5 Qc8 25. Bg2 Rxc5 26. dxc5 Qc6 27. h4
Qb5 28. Qc3 Qb1+ 29. Kh2 Qb5 30. Kg1 Qb1+ 31. Kh2 1/2-1/2

[Event "36. Copenhagen Open (Politiken Cup)"]
[Site "Elsinore"]
[Date "2014.07.29"]
[Round "10"]
[White "Kristensen, Bjarke Hautop"]
[Black "Larsen, Preben R"]
[Result "1-0"]
[WhiteElo "1952"]
[BlackElo "1833"]
[PlyCount "43"]
[EventDate "2014.07.21"]
[EventType "swiss"]
[EventRounds "10"]
[EventCountry "DEN"]
[Source "ChessBase"]
[SourceDate "2014.08.29"]

1. c4 Nf6 2. Nc3 e6 3. d4 Bb4 4. e3 c5 5. Nge2 Nc6 6. a3 cxd4 7. exd4 Bxc3+ 8.
Nxc3 O-O 9. d5 exd5 10. cxd5 Re8+ 11. Be2 Ne7 12. d6 Nf5 13. O-O Ne4 14. Nxe4
Rxe4 15. Bd3 Rd4 16. Qb3 Qf6 17. Re1 Nxd6 18. Be3 Rh4 19. Bc5 g6 20. Qd5 Nf5
21. Re8+ Kg7 22. Bf8+ 1-0

[Event "36. Copenhagen Open (Politiken Cup)"]
[Site "Elsinore"]
[Date "2014.07.29"]
[Round "10"]
[White "Kristiansen, Jens"]
[Black "Neffe, Axel"]
[Result "1-0"]
[WhiteElo "2412"]
[BlackElo "2252"]
[PlyCount "87"]
[EventDate "2014.07.21"]
[EventType "swiss"]
[EventRounds "10"]
[EventCountry "DEN"]
[Source "ChessBase"]
[SourceDate "2014.08.29"]

1. d4 Nf6 2. c4 e6 3. Nc3 Bb4 4. e3 O-O 5. Bd3 d5 6. Nf3 Nc6 7. O-O a6 8. Ne5
Nxe5 9. dxe5 Bxc3 10. bxc3 dxc4 11. Bxc4 Nd5 12. Qc2 Bd7 13. Ba3 Re8 14. Rad1
Ne7 15. Bd3 h6 16. Bh7+ Kh8 17. Be4 Rb8 18. Qd3 Nd5 19. c4 Nb6 20. Qe2 Qc8 21.
f4 Nxc4 22. Qxc4 Bb5 23. Qc3 Bxf1 24. Rxf1 Qd7 25. Rc1 Red8 26. Bb4 Qa4 27. Qb3
Qd7 28. h3 Kg8 29. Kh2 Rdc8 30. Rf1 c5 31. Bc3 b5 32. Rd1 Qa7 33. Ba5 b4 34.
Qc4 Rb5 35. Bd8 Rbb8 36. Bh4 a5 37. f5 Qb6 38. fxe6 Qxe6 39. Bd5 Qe8 40. e6 f6
41. Bg3 Rb6 42. Qe4 a4 43. e7+ Kh8 44. Bf7 1-0

[Event "36. Copenhagen Open (Politiken Cup)"]
[Site "Elsinore"]
[Date "2014.07.29"]
[Round "10"]
[White "Haagen Larsen, Hans"]
[Black "Stuhr, Finn"]
[Result "0-1"]
[WhiteElo "1683"]
[BlackElo "1800"]
[PlyCount "74"]
[EventDate "2014.07.21"]
[EventType "swiss"]
[EventRounds "10"]
[EventCountry "DEN"]
[Source "ChessBase"]
[SourceDate "2014.08.29"]

1. d4 Nf6 2. Bf4 d6 3. e3 Bf5 4. c4 c5 5. Nf3 Nc6 6. Qb3 Nb4 7. Na3 Qa5 8. Nd2
Ne4 9. Rd1 g5 10. Bg3 Nxg3 11. fxg3 Bg7 12. Nb5 a6 13. a3 Nc2+ 14. Kf2 axb5 15.
e4 Bxd4+ 16. Ke2 Bg4+ 17. Nf3 Ne3 18. Rc1 Nxc4 19. Rxc4 Be6 20. Kd1 Bxc4 21.
Bxc4 bxc4 22. Qxb7 Bxb2 23. Nxg5 Qxa3 24. Qc6+ Kf8 25. Qd5 Qb3+ 26. Ke2 Qc2+
27. Kf3 Ra3+ 28. Kg4 Qe2+ 29. Kh4 Qf2 30. Kg4 Qe2+ 31. Kh4 Qf2 32. Kg4 h5+ 33.
Kh4 Be5 34. Nf3 Rxf3 35. gxf3 Qxf3 36. Qd1 Qg2 37. Kg5 Qxe4 0-1

[Event "36. Copenhagen Open (Politiken Cup)"]
[Site "Elsinore"]
[Date "2014.07.29"]
[Round "10"]
[White "Lauridsen, Jesper Morch"]
[Black "Meurman, Arne"]
[Result "1-0"]
[WhiteElo "2244"]
[BlackElo "2062"]
[PlyCount "77"]
[EventDate "2014.07.21"]
[EventType "swiss"]
[EventRounds "10"]
[EventCountry "DEN"]
[Source "ChessBase"]
[SourceDate "2014.08.29"]

1. e4 c5 2. Nf3 e6 3. d4 cxd4 4. Nxd4 a6 5. Bd3 Nf6 6. O-O d6 7. Nc3 Qc7 8. f4
Be7 9. Qe2 Nbd7 10. Kh1 O-O 11. Bd2 b6 12. Rae1 g6 13. e5 Ne8 14. exd6 Qxd6 15.
Be4 Ra7 16. Nc6 Rc7 17. Nxe7+ Qxe7 18. Bd3 Qd6 19. Ne4 Qd5 20. Bb4 Nc5 21. Rd1
Qc6 22. Nxc5 bxc5 23. Ba5 Rd7 24. Be4 Qa4 25. Bc3 f6 26. Qf3 Rxd1 27. Rxd1 Ng7
28. b3 Qb5 29. a4 Qb6 30. Qf2 Qc7 31. Bb2 e5 32. Ba3 exf4 33. Bxc5 Re8 34. Bd6
Qc3 35. Qxf4 Nh5 36. Qf3 Qa5 37. Bd5+ Be6 38. Bxe6+ Rxe6 39. Qa8+ 1-0

[Event "36. Copenhagen Open (Politiken Cup)"]
[Site "Elsinore"]
[Date "2014.07.29"]
[Round "10"]
[White "Lauritsen, Martin Lee"]
[Black "Fries Nielsen, Niels Jorgen"]
[Result "0-1"]
[WhiteElo "2143"]
[BlackElo "2297"]
[PlyCount "70"]
[EventDate "2014.07.21"]
[EventType "swiss"]
[EventRounds "10"]
[EventCountry "DEN"]
[Source "ChessBase"]
[SourceDate "2014.08.29"]

1. e4 d6 2. d4 a6 3. Nc3 b5 4. Nf3 Bb7 5. Bd3 Nd7 6. d5 g6 7. Be3 Ngf6 8. h3 c6
9. dxc6 Bxc6 10. a3 Bg7 11. O-O O-O 12. Re1 Rc8 13. Qd2 Re8 14. Rad1 Bb7 15.
Bd4 Qc7 16. Qe2 Qb8 17. a4 b4 18. Nb1 e5 19. Be3 d5 20. Bxa6 Bxa6 21. Qxa6 d4
22. Bc1 Rxc2 23. Qd3 Rc7 24. Qf1 Qa8 25. b3 Nxe4 26. Qe2 Ndc5 27. Bd2 Nxd2 28.
Qxd2 Qb8 29. Qb2 f5 30. Rf1 Rec8 31. Qe2 d3 32. Rxd3 e4 33. Rd6 exf3 34. Qxf3
Ne4 35. Nd2 Nxd6 0-1

[Event "36. Copenhagen Open (Politiken Cup)"]
[Site "Elsinore"]
[Date "2014.07.29"]
[Round "10"]
[White "Levushkina, Elena"]
[Black "Percivaldi, Martin"]
[Result "1/2-1/2"]
[WhiteElo "2310"]
[BlackElo "2170"]
[PlyCount "146"]
[EventDate "2014.07.21"]
[EventType "swiss"]
[EventRounds "10"]
[EventCountry "DEN"]
[Source "ChessBase"]
[SourceDate "2014.08.29"]

1. Nf3 d5 2. c4 c6 3. e3 Nf6 4. Nc3 a6 5. b3 Bf5 6. Bb2 e6 7. Be2 h6 8. O-O Be7
9. Rc1 O-O 10. cxd5 cxd5 11. d3 Nc6 12. Na4 Nd7 13. a3 Rc8 14. b4 b5 15. Nc5 a5
16. Nb7 Qb6 17. Nxa5 Nxa5 18. bxa5 Qxa5 19. Nd4 Bxa3 20. Bxa3 Qxa3 21. Nxb5 Qe7
22. Qd2 Nf6 23. h3 Bg6 24. f4 Qd7 25. Nd4 Rxc1 26. Rxc1 Rc8 27. Nf3 Qb7 28. Ne5
Kh7 29. g4 Nd7 30. Rxc8 Qxc8 31. Nf3 f6 32. Nh4 e5 33. Bf3 Qc6 34. Bg2 Qd6 35.
Nxg6 Kxg6 36. fxe5 fxe5 37. Qf2 Nf6 38. Qf5+ Kf7 39. g5 hxg5 40. Qxg5 Qc7 41.
h4 Qc3 42. Bf1 Qe1 43. Kg2 Qd2+ 44. Kh3 Qf2 45. Bg2 d4 46. exd4 Qxd4 47. Qf5
Ke7 48. Qf3 Ke6 49. Kg3 Qg1 50. Kh3 Qe1 51. Qc6+ Kf7 52. Qb7+ Kg6 53. Qf3 Kh6
54. Qg3 Qd2 55. Be4 Nxe4 56. dxe4 Qd6 57. Qg5+ Kh7 58. Qf5+ Kg8 59. Qc8+ Kh7
60. Qf5+ Kg8 61. Kg4 Qd1+ 62. Qf3 Qd7+ 63. Kg3 Qd6 64. h5 Qd2 65. Kg4 Qd7+ 66.
Kh4 Qd8+ 67. Kh3 Qc8+ 68. Qg4 Qc3+ 69. Kh4 Qe1+ 70. Kg5 Qc1+ 71. Kh4 Qe1+ 72.
Kg5 Qc1+ 73. Kh4 Qe1+ 1/2-1/2

[Event "36. Copenhagen Open (Politiken Cup)"]
[Site "Elsinore"]
[Date "2014.07.29"]
[Round "10"]
[White "Lien, Kjell Hakon"]
[Black "Risting, Eivind Olav"]
[Result "0-1"]
[WhiteElo "2022"]
[BlackElo "1875"]
[PlyCount "82"]
[EventDate "2014.07.21"]
[EventType "swiss"]
[EventRounds "10"]
[EventCountry "DEN"]
[Source "ChessBase"]
[SourceDate "2014.08.29"]

1. c4 e5 2. g3 Nf6 3. Bg2 Nc6 4. Nf3 d5 5. cxd5 Nxd5 6. O-O Be7 7. b3 O-O 8.
Bb2 f6 9. d3 Be6 10. Nbd2 Qd7 11. Ne4 a5 12. Rc1 a4 13. bxa4 Nb6 14. Nc3 Nb4
15. d4 e4 16. Nxe4 Nxa4 17. Ba1 Nxa2 18. Rb1 c6 19. Qc2 Nb4 20. Qc1 Ba2 21. Nc5
Nxc5 22. dxc5 Bxb1 23. Qxb1 Bxc5 24. Nh4 Rfe8 25. Bb2 Rxe2 26. Be4 g6 27. Bxf6
Qf7 28. Bc3 Nd5 29. Be1 Raa2 30. Nf3 Qe7 31. Bd3 Reb2 32. Qd1 b5 33. Bd2 b4 34.
Re1 Qf7 35. Rf1 Nc3 36. Qe1 Nd5 37. Bc4 Qxf3 38. Qe8+ Qf8 39. Qxc6 Rxd2 40.
Bxa2 Bxf2+ 41. Kg2 Bd4+ 0-1

[Event "36. Copenhagen Open (Politiken Cup)"]
[Site "Elsinore"]
[Date "2014.07.29"]
[Round "10"]
[White "Loveid, Erik"]
[Black "Christiansen, Niels Jorgen"]
[Result "1/2-1/2"]
[WhiteElo "1490"]
[BlackElo "1664"]
[PlyCount "43"]
[EventDate "2014.07.21"]
[EventType "swiss"]
[EventRounds "10"]
[EventCountry "DEN"]
[Source "ChessBase"]
[SourceDate "2014.08.29"]

1. e4 c5 2. c3 e6 3. d4 cxd4 4. Qxd4 Nc6 5. Qd1 d5 6. exd5 exd5 7. Nf3 Nf6 8.
Bg5 Be7 9. h3 Bf5 10. Be2 O-O 11. O-O Re8 12. Bxf6 Bxf6 13. Bd3 Bxd3 14. Qxd3
Qd6 15. Na3 Rad8 16. Rad1 a6 17. Nc2 b5 18. Ncd4 Nxd4 19. Nxd4 Re5 20. Nf3 Re7
21. Rfe1 Red7 22. Nd4 1/2-1/2

[Event "36. Copenhagen Open (Politiken Cup)"]
[Site "Elsinore"]
[Date "2014.07.29"]
[Round "10"]
[White "Madison, Sigurd"]
[Black "Preuss, Flemming"]
[Result "1-0"]
[WhiteElo "1792"]
[BlackElo "2015"]
[PlyCount "107"]
[EventDate "2014.07.21"]
[EventType "swiss"]
[EventRounds "10"]
[EventCountry "DEN"]
[Source "ChessBase"]
[SourceDate "2014.08.29"]

1. g3 f5 2. Nf3 Nf6 3. Bg2 d6 4. d3 g6 5. Nc3 Bg7 6. O-O e5 7. e4 O-O 8. Bd2 c6
9. Qe2 Na6 10. Rad1 Qe7 11. Bg5 h6 12. Bc1 g5 13. exf5 Bxf5 14. Rfe1 Rae8 15.
h3 Nc7 16. Nd2 Qd7 17. Kh2 Ne6 18. Nb3 Rf7 19. Ne4 Ref8 20. Nxf6+ Rxf6 21. Be3
b6 22. d4 e4 23. d5 cxd5 24. Rxd5 Nc7 25. Rd2 R6f7 26. c4 Qe7 27. Red1 Be5 28.
Nd4 Bd7 29. Qh5 Kg7 30. Ne2 Bf5 31. Nc3 Bg6 32. Qg4 Bf5 33. Qe2 Bxc3 34. bxc3
Ne6 35. Rd5 Bg6 36. Bd4+ Kh7 37. Re1 Nc7 38. f3 Nxd5 39. cxd5 Re8 40. fxe4 Qf8
41. Qg4 Qe7 42. h4 gxh4 43. gxh4 h5 44. Qg3 Ref8 45. e5 Rf4 46. exd6 Qxh4+ 47.
Qxh4 Rxh4+ 48. Kg1 Rf7 49. Re7 Rxe7 50. dxe7 Kg8 51. d6 Kf7 52. Bd5+ Ke8 53.
Bc6+ Kf7 54. e8=Q# 1-0

[Event "36. Copenhagen Open (Politiken Cup)"]
[Site "Elsinore"]
[Date "2014.07.29"]
[Round "10"]
[White "Maechel, Michael"]
[Black "Lindblom, Roar"]
[Result "1/2-1/2"]
[WhiteElo "1718"]
[BlackElo "1865"]
[PlyCount "100"]
[EventDate "2014.07.21"]
[EventType "swiss"]
[EventRounds "10"]
[EventCountry "DEN"]
[Source "ChessBase"]
[SourceDate "2014.08.29"]

1. e4 e5 2. Nf3 Nc6 3. Bb5 a6 4. Bxc6 dxc6 5. O-O Bg4 6. h3 h5 7. d4 exd4 8.
hxg4 hxg4 9. Ng5 Qd6 10. e5 Qh6 11. f3 d3 12. cxd3 Qh2+ 13. Kf2 g3+ 14. Ke1
Qxg2 15. Qe2 Qxe2+ 16. Kxe2 Rh2+ 17. Ke3 g2 18. Rg1 Rh1 19. Rxg2 Rxc1 20. e6 f6
21. Kd2 Rh1 22. Ne4 Rd8 23. Ng3 Bb4+ 24. Kc2 Re1 25. a3 Bf8 26. Ne4 Nh6 27. Kd2
Rf1 28. Ke2 Rc1 29. Kd2 Rf1 30. Ke2 Rh1 31. Ng3 Rh4 32. Nc3 Rhd4 33. Rd1 R8d6
34. Nh5 Nf5 35. Ne4 Rxe6 36. Nf4 Re7 37. Ng6 Red7 38. Rh2 Nh6 39. Nxf8 Kxf8 40.
Nxf6 Re7+ 41. Kf2 Nf7 42. Ne4 b6 43. b4 Red7 44. Ke3 Ne5 45. Rh8+ Ke7 46. Nf2
c5 47. bxc5 bxc5 48. Rh5 R7d5 49. Rh7 Kf6 50. Rh8 c4 1/2-1/2

[Event "36. Copenhagen Open (Politiken Cup)"]
[Site "Elsinore"]
[Date "2014.07.29"]
[Round "10"]
[White "Marder, Simon"]
[Black "Bjorn, Lasse E"]
[Result "1-0"]
[WhiteElo "2082"]
[BlackElo "1910"]
[PlyCount "59"]
[EventDate "2014.07.21"]
[EventType "swiss"]
[EventRounds "10"]
[EventCountry "DEN"]
[Source "ChessBase"]
[SourceDate "2014.08.29"]

1. d4 d5 2. e4 dxe4 3. Nc3 Nf6 4. f3 exf3 5. Nxf3 Bg4 6. h3 Bxf3 7. Qxf3 c6 8.
g4 e6 9. g5 Nd5 10. Bg2 Be7 11. O-O O-O 12. Qg4 c5 13. Nxd5 exd5 14. Rf5 Nc6
15. Rxd5 Qa5 16. c3 Rad8 17. b4 Qa4 18. bxc5 Qc2 19. Qg3 Qd1+ 20. Kh2 Rxd5 21.
Bxd5 Nxd4 22. Qf2 Bxc5 23. Ba3 Qxa1 24. Bxc5 Rd8 25. Bxf7+ Kh8 26. Bxd4 Qc1 27.
Bxg7+ Kxg7 28. Qf6+ Kf8 29. Be6+ Ke8 30. Qf7# 1-0